000 00278nam a2200109Ia 4500
008 200302s9999 xx 000 0 und d
100 _aPaul Gipe
245 _aWind power Renewable Energy
260 _bChelsea Green Publishing Company Vermont
260 _c1995
300 _a413 P.,
999 _c3943
_d3943